[Event "40th Olympiad Open"]
[Site "Istanbul TUR"]
[Date "2012.08.30"]
[Round "3.1"]
[White "Kadric,D"]
[Black "Jurcik,Mari"]
[Result "1/2-1/2"]
[WhiteElo "2418"]
[BlackElo "2486"]

1.e4 e6 2.d4 d5 3.Nd2 Be7 4.Bd3 c5 5.dxc5 Nf6 6.Qe2 O-O 7.Ngf3 a5 8.O-O Na6
9.e5 Nd7 10.c3 Naxc5 11.Bc2 f5 12.Nd4 a4 13.f4 Nb8 14.g4 g6 15.gxf5 gxf5
16.Kh1 Nc6 17.N2f3 Nxd4 18.Nxd4 Bd7 19.Be3 Qe8 20.Qf3 Qf7 21.Ne2 Kh8 22.Bd4 Bb5
23.Rg1 Bxe2 24.Qxe2 Rg8 25.Rxg8+ Rxg8 26.Rg1 Rxg1+ 27.Bxg1 a3 28.bxa3 Nd7
29.c4 dxc4 30.Qxc4 Qh5 31.Qc8+ Nf8 32.Qxb7 Ng6 33.Qa8+ Kg7 34.Qg2 Kf7 35.Be3 Bxa3
36.Bb3 Nh4 37.Qb7+ Be7 38.Bc5 Ng6 39.Bxe7 Nxe7 40.a4 Qe2 41.Qb5 Qf3+ 42.Kg1 Qg4+
43.Kh1 Qf3+ 44.Kg1 Qg4+ 45.Kh1 Qxf4 46.a5 Qe4+ 47.Kg1 Qe3+ 48.Kf1 Qf3+ 49.Kg1  1/2-1/2

[Event "40th Olympiad Open"]
[Site "Istanbul TUR"]
[Date "2012.08.30"]
[Round "3.73"]
[White "Wojciechowski,Pa"]
[Black "Luxama,Jacques"]
[Result "1-0"]
[WhiteElo "2068"]
[BlackElo "1964"]

1.e4 e6 2.d4 d5 3.Nd2 a6 4.c3 Nd7 5.Bd3 dxe4 6.Nxe4 Ngf6 7.Nf3 Be7 8.O-O Nxe4
9.Bxe4 Nf6 10.Bc2 O-O 11.Qd3 b6 12.Bg5 g6 13.Rfe1 Bb7 14.h3 Nd7 15.Qe3 Bxg5
16.Nxg5 Kg7 17.Qg3 Rc8 18.Rxe6 f6 19.Nxh7 Kf7 20.Nxf8 Nxf8 21.Re3 c5 22.Rae1 cxd4
23.Re7+ Qxe7 24.Rxe7+ Kxe7 25.Bxg6 dxc3 26.bxc3 Nxg6 27.Qxg6 Bd5 28.Qg7+ Bf7
29.Qg3 Rc6 30.a3 a5 31.h4 Ke6 32.Qd3 Rd6 33.Qe4+ Kd7 34.h5 Re6 35.Qb7+ Ke8
36.Qb8+ Ke7 37.h6  1-0

[Event "40th Olympiad Women"]
[Site "Istanbul TUR"]
[Date "2012.08.30"]
[Round "3.3"]
[White "Socko,M"]
[Black "Hoang Thanh Trang"]
[Result "1-0"]
[WhiteElo "2467"]
[BlackElo "2464"]

1.e4 e6 2.d4 d5 3.Nd2 Be7 4.Ngf3 Nf6 5.Bd3 c5 6.e5 Nfd7 7.c3 Nc6 8.O-O a5
9.Re1 cxd4 10.cxd4 g5 11.h3 h5 12.Nf1 g4 13.hxg4 hxg4 14.N3h2 Bb4 15.Bd2 Nxd4
16.Bxb4 axb4 17.Nxg4 Qh4 18.Nfh2 Nc5 19.Re3 Qg5 20.Rc1 b6 21.Bb1 Nc6 22.Nf6+ Ke7
23.Nhg4 Bb7 24.g3 d4 25.f4 Qg7 26.Be4 Rad8 27.Re1 d3 28.Rxc5 bxc5 29.Qc1 Kf8
30.Bxc6 Qg6 31.Qxc5+ Kg7 32.Bxb7 d2 33.Rd1 Qd3 34.Qf2 Qc2 35.Ne3 Qxb2 36.Qe2 Qxa2
37.Be4 Rd4 38.Qg4+ Kf8 39.Nh7+ Ke7 40.Qh4+  1-0

[Event "19th Graz Open 2012"]
[Site "Graz AUT"]
[Date "2012.08.31"]
[Round "7.9"]
[White "Matosec,T"]
[Black "Pichler,Mi"]
[Result "1-0"]
[WhiteElo "2072"]
[BlackElo "2265"]

1.d4 e6 2.e4 d5 3.Nd2 Nc6 4.Ngf3 Nf6 5.e5 Nd7 6.Bd3 f6 7.Ng5 Ndxe5 8.dxe5 fxg5
9.Qh5+ g6 10.Bxg6+ Kd7 11.c4 Nxe5 12.Bc2 Bd6 13.O-O c6 14.b4 Bxb4 15.Bb2 Bd6
16.c5 Bc7 17.f4 Qf8 18.fxe5 Qxc5+ 19.Kh1 Bd8 20.Rf7+ Be7 21.Raf1 Re8 22.Qxh7 Qb4
23.Nb3 c5 24.Bc1 c4 25.Nd4 Qc3 26.Nxe6  1-0

[Event "40th Olympiad Open"]
[Site "Istanbul TUR"]
[Date "2012.08.31"]
[Round "4.4"]
[White "Howell,D"]
[Black "Bauer,Ch"]
[Result "1/2-1/2"]
[WhiteElo "2635"]
[BlackElo "2682"]

1.e4 e6 2.d4 d5 3.Nd2 Nc6 4.Ngf3 Nf6 5.e5 Nd7 6.Nb3 Be7 7.Bf4 a5 8.a4 b6
9.h4 h6 10.h5 Bb7 11.c3 Qc8 12.Nh4 Ba6 13.Qg4 Rh7 14.Ng6 Bxf1 15.Rxf1 Qa6
16.Nxe7 Nxe7 17.Qe2 c5 18.Qxa6 Rxa6 19.g4 f6 20.exf6 gxf6 21.O-O-O Kf7 22.f3 Ra8
23.Rfe1 cxd4 24.cxd4 f5 25.Re2 Rc8+ 26.Kb1 Nf6 27.Rde1 Rc6 28.Be5 fxg4 29.Bxf6 gxf3
30.Bxe7 fxe2 31.Bh4 Rg7 32.Nc1 Rg4 33.Nd3 Rxd4 34.Ne5+ Ke8 35.Nxc6 Rxh4 36.Rxe2 Kd7
37.Ne5+ Kd6 38.Nf7+ Ke7 39.Nxh6 Rxh5 40.Ng4 Rh4 41.Rg2 Kd6 42.b3 e5 43.Kc2 e4
44.Ne3 Rh3 45.Kd2 Rh5 46.Nc2 Rh3 47.Ne3 Rh5 48.Nc2 Rh3 49.Ne3  1/2-1/2

[Event "XVI BCC Open"]
[Site "Cesenatico ITA"]
[Date "2012.09.01"]
[Round "1"]
[White "Ricci,Mar"]
[Black "Sharma,Di"]
[Result "0-1"]
[WhiteElo "2089"]
[BlackElo "2361"]

1.e4 e6 2.d4 d5 3.Nd2 a6 4.Ngf3 Nf6 5.e5 Nfd7 6.Bd3 c5 7.c3 Nc6 8.O-O g5
9.h3 h5 10.g4 hxg4 11.hxg4 Qb6 12.dxc5 Bxc5 13.b4 Bf8 14.Re1 Bg7 15.Nb3 Ndxe5
16.Nxe5 Bxe5 17.Be3 Qd8 18.Qd2 Qf6 19.Bxg5 Qf3 20.Bh6 Qxg4+ 21.Kf1 Qh3+ 22.Kg1 Bh2+  0-1

[Event "40th Olympiad Open"]
[Site "Istanbul TUR"]
[Date "2012.09.01"]
[Round "5.31"]
[White "Bruzon Batista,L"]
[Black "Prasca Sosa,R"]
[Result "1-0"]
[WhiteElo "2711"]
[BlackElo "2415"]

1.e4 e6 2.d4 d5 3.Nd2 Be7 4.e5 c5 5.c3 Nc6 6.Bd3 cxd4 7.cxd4 Nh6 8.Ne2 Nf5
9.Nf3 Bd7 10.O-O Qb6 11.Kh1 h6 12.a3 g5 13.h3 O-O-O 14.b4 f6 15.b5 Na5 16.Nc3 Kb8
17.Re1 Bc8 18.Rb1 Qc7 19.Bd2 b6 20.Na2 Nc4 21.Nb4 Bxb4 22.Bxb4 fxe5 23.dxe5 Ka8
24.Rc1 Rhg8 25.Bxf5 exf5 26.e6 g4 27.e7 gxf3 28.exd8=Q fxg2+ 29.Kg1 Qxd8
30.Re7 Bb7 31.Qd4 f4 32.Rce1 Qc8 33.Rxb7 Kxb7 34.Re7+ Kb8 35.Qxf4+ Ka8 36.Qf7 Kb8
37.Qxd5 Rd8 38.Rb7+ Qxb7 39.Qxd8+ Qc8 40.Qxc8+ Kxc8 41.Kxg2 Kd7 42.Kf3 Nb2
43.Ke4 Nd1 44.Be1 Ke6 45.f4 Nb2 46.f5+ Kf7 47.Bc3 Nc4 48.a4 Nd6+ 49.Kf4 Nc4
50.h4 Nd6 51.h5 Nc4 52.Bd4 Ke7 53.Ke4 Nd6+ 54.Ke5 Nf7+ 55.Kd5 Nd6 56.f6+ Kd7
57.Be3 Nf5 58.Bf4 Ke8 59.Ke4  1-0

[Event "40th Olympiad Open"]
[Site "Istanbul TUR"]
[Date "2012.09.01"]
[Round "5.51"]
[White "Denny,K"]
[Black "Pitterson,J"]
[Result "1-0"]
[WhiteElo "2304"]
[BlackElo "2221"]

1.e4 e6 2.d4 d5 3.Nd2 Nc6 4.Ngf3 Nf6 5.e5 Nd7 6.c3 f6 7.Bb5 a6 8.Bxc6 bxc6
9.O-O c5 10.Qa4 Kf7 11.Re1 Rb8 12.Nf1 Be7 13.exf6 gxf6 14.Ng3 h5 15.Qc2 h4
16.Nf1 Bd6 17.h3 Qg8 18.Ne3 Qg6 19.Qe2 Nf8 20.Ng4 Bd7 21.dxc5 e5 22.cxd6 cxd6
23.Nfh2 Ne6 24.Qxa6 Ke7 25.b4 f5 26.Qd3 Bb5 27.Qxd5 fxg4 28.Nxg4 Rhc8 29.Rd1 Nc7
30.Bg5+ Qxg5 31.Qxd6+ Kf7 32.Nxe5+ Kg7 33.Rd4 Ne8 34.Qe6 Nf6 35.Qf7+ Kh6
36.Rxh4+ Nh5 37.Ng4+  1-0

[Event "40th Olympiad Women"]
[Site "Istanbul TUR"]
[Date "2012.09.01"]
[Round "5.03"]
[White "Dembo,Y"]
[Black "Socko,M"]
[Result "1/2-1/2"]
[WhiteElo "2457"]
[BlackElo "2467"]

1.e4 e6 2.d4 d5 3.Nd2 a6 4.Ngf3 Nf6 5.e5 Nfd7 6.Bd3 c5 7.c3 Nc6 8.O-O g5
9.Bb1 g4 10.Ne1 h5 11.Nc2 cxd4 12.cxd4 Qb6 13.Nb3 a5 14.Qd3 a4 15.Nd2 Be7
16.Rd1 Nf8 17.f4 Bd7 18.Nf1 Ng6 19.Qe2 Rc8 20.Qf2 h4 21.Ne1 Rg8 22.Be3 g3
23.hxg3 hxg3 24.Qxg3 Bh4 25.Qh3 Bxe1 26.Bxg6 Rxg6 27.Rxe1 Ne7 28.Re2 Bb5
29.Rd2 Nf5 30.Bf2 Bxf1 31.Rxf1 Qb4 32.Qd3 Kd7 33.Rfd1 Rcg8 34.Be1 Rg3 35.Bxg3 Rxg3
36.Qc2 Ne3 37.a3 Qb5 38.Qd3 Qxd3 39.Rxd3 Rxg2+ 40.Kh1 Nxd1 41.Kxg2 Nxb2 42.Rh3 b5
43.Kf2 Nc4 44.Ke2 Ke7 45.Kd1 f6 46.Kc2 fxe5 47.fxe5 Kd7 48.Rh7+ Kd8 49.Rh3 Kd7
50.Kb1 Kc7 51.Ka2 Na5 52.Kb2 Nc4+ 53.Ka2 Na5 54.Kb2 Nc4+ 55.Ka2  1/2-1/2

[Event "40th Olympiad Open"]
[Site "Istanbul TUR"]
[Date "2012.09.01"]
[Round "5.11"]
[White "Topalov,V"]
[Black "Cori,J"]
[Result "1-0"]
[WhiteElo "2752"]
[BlackElo "2487"]

1.e4 e6 2.d4 d5 3.Nd2 Nc6 4.Ngf3 Nf6 5.e5 Nd7 6.Nb3 a5 7.a4 Be7 8.Bb5 O-O
9.O-O Ncb8 10.Re1 b6 11.g3 c6 12.Bf1 Ba6 13.Bxa6 Rxa6 14.h4 h6 15.c3 c5 16.Nh2 Re8
17.Qg4 Kh7 18.Qh5 Kg8 19.Re3 Bf8 20.Rf3 g6 21.Qg4 Qe7 22.Qh3 Bg7 23.Ng4 Kh7
24.Bg5 Qf8 25.Kg2 h5 26.Ne3 Nc6 27.g4 Ndxe5 28.dxe5 Nxe5 29.gxh5 gxh5 30.Rg1 f5
31.Kh1 Ra7 32.Nc1 d4 33.cxd4 cxd4 34.Ng2 Ng4 35.Nf4 Qf7 36.Nce2 e5 37.Nxh5 e4
38.Rf4 e3 39.Rgxg4 fxg4 40.Rxf7 Rxf7 41.Qxg4 exf2 42.Neg3 Re1+ 43.Kh2 Be5
44.Bf4 d3 45.Bxe5 Rxe5 46.Qc4  1-0

[Event "37th Trade Fair Open A"]
[Site "Brno CZE"]
[Date "2012.09.02"]
[Round "9"]
[White "Zitny,P"]
[Black "Spodny,J"]
[Result "1/2-1/2"]
[WhiteElo "1869"]
[BlackElo "2040"]

1.e4 e6 2.d4 d5 3.Nd2 Be7 4.Ngf3 Nf6 5.e5 Nfd7 6.Bd3 c5 7.c3 Nc6 8.O-O a5
9.Re1 Nb6 10.dxc5 Bxc5 11.Nb3 Be7 12.Nbd4 Bd7 13.Nb5 Nc8 14.Nfd4 Nxd4 15.Nxd4 h5
16.Kh1 Bc5 17.Be3 Qc7 18.f4 g6 19.a4 Ne7 20.Qb3 Kf8 21.Qd1 Nf5 22.Bf2 Rc8
23.Re2 Qb6 24.Bxf5  1/2-1/2

[Event "FSGM Sept 2012"]
[Site "Budapest HUN"]
[Date "2012.09.02"]
[Round "2.5"]
[White "Todorovic,GM"]
[Black "Toth,E"]
[Result "0-1"]
[WhiteElo "2502"]
[BlackElo "2473"]

1.e4 e6 2.d4 d5 3.Nd2 Be7 4.e5 c5 5.Qg4 Kf8 6.dxc5 Nc6 7.Qg3 Nh6 8.Bd3 f6
9.Ngf3 Nf7 10.exf6 gxf6 11.O-O e5 12.c4 Rg8 13.Qh4 f5 14.Qh5 e4 15.cxd5 exd3
16.dxc6 Qd5 17.Nb3 Rg7 18.Bf4 bxc6 19.Rfe1 Bd7 20.Rad1 Bf6 21.Re3 Qc4 22.Ne5 Nxe5
23.Bxe5 Bxe5 24.Rxe5 Qc2 25.Re3 Re8 26.Nd4 Qxb2 27.Rexd3 Qb4 28.Nc2 Qe4 29.Rg3 Ree7
30.Ne3 f4 31.Rf3 Kg8 32.Nf1 Rg6 33.Kh1 Bg4  0-1

[Event "XVI BCC Open"]
[Site "Cesenatico ITA"]
[Date "2012.09.02"]
[Round "2"]
[White "Friedrich,N"]
[Black "Stella,A"]
[Result "1/2-1/2"]
[WhiteElo "2311"]
[BlackElo "2456"]

1.e4 e6 2.d4 d5 3.Nd2 Nc6 4.Ngf3 Nf6 5.e5 Nd7 6.Bd3 f6 7.exf6 Qxf6 8.Nf1 Nb4
9.Be2 c5 10.c3 Nc6 11.Ng3 cxd4 12.cxd4 Bb4+ 13.Bd2 Bd6 14.Be3 O-O 15.O-O Nb6
16.Rc1 Bd7 17.Bd3 g6 18.Ne2 e5 19.Bg5 Qg7 20.dxe5 Nxe5 21.Nfd4 Ng4 22.g3 h6
23.Bd2 Ne5 24.Bf4 g5 25.Bxe5 Bxe5 26.Bb1 Kh8 27.b3 Rf7 28.Qd3 Raf8 29.f3 Nc8
30.Kg2 Ne7 31.Rcd1 a6 32.Rd2 Nc8 33.Rc2 Nd6 34.Rc5 Nb5 35.Rxd5 Nxd4 36.Nxd4 Bxd4
37.Qxd4 Bc6 38.Qxg7+ Kxg7 39.Rd6 Bxf3+ 40.Rxf3 Rxf3 41.Rg6+ Kh8 42.Rxh6+ Kg7  1/2-1/2

[Event "11th Kesarovski-Stanchev Mem"]
[Site "Sunny Beach BUL"]
[Date "2012.09.02"]
[Round "2.35"]
[White "Petermann,M"]
[Black "Pencheva,Iva"]
[Result "1-0"]
[WhiteElo "2245"]
[BlackElo "1801"]

1.e4 e6 2.d4 d5 3.Nd2 Nc6 4.Ngf3 Nf6 5.e5 Nd7 6.Nb3 f6 7.Bb5 a6 8.Bxc6 bxc6
9.O-O Be7 10.Na5 Nb8 11.exf6 Bxf6 12.Ne5 O-O 13.Re1 Bxe5 14.Rxe5 Qf6 15.Qe2 Re8
16.Bg5 Qf7 17.Rc1 c5 18.dxc5 Bd7 19.h3 h6 20.Bd2 Rf8 21.f3 Qg6 22.c6 Bc8
23.Bb4 Rf4 24.a3 Rh4 25.Kh2 Rf4 26.Qd3 Qf7 27.c4 Rxc4 28.Nxc4 Nxc6 29.Bc3 dxc4
30.Qe4 Bd7 31.Rc5 Qe8 32.Qg6 Qe7 33.Rxc4  1-0

[Event "XVI BCC Open"]
[Site "Cesenatico ITA"]
[Date "2012.09.03"]
[Round "3"]
[White "Castellanos Rodriguez,R"]
[Black "Naumkin,I"]
[Result "1-0"]
[WhiteElo "2491"]
[BlackElo "2473"]

1.e4 e6 2.d4 d5 3.Nd2 Nc6 4.Ngf3 Nf6 5.e5 Nd7 6.Bd3 f6 7.Ng5 Ndxe5 8.dxe5 fxg5
9.Qh5+ g6 10.Bxg6+ Kd7 11.c4 Nxe5 12.Bc2 Qf6 13.O-O Bd6 14.b4 Bxb4 15.cxd5 exd5
16.Bb2 Bd6 17.Rae1 Re8 18.f4 gxf4 19.Kh1 b6 20.Nf3 Ba6 21.Rg1 Nxf3 22.Bxf6 Nxe1
23.Ba4+ b5 24.Qf7+ Kc6 25.Bb3 Kb6 26.Bxd5 Nd3 27.Bh4 Rac8 28.Rd1 b4 29.Bc4 Ne5
30.Bf2+ Kb7 31.Qd5+ c6 32.Bxa6+ Kxa6 33.Qxd6  1-0

[Event "40th Olympiad Women"]
[Site "Istanbul TUR"]
[Date "2012.09.03"]
[Round "6.21"]
[White "Moncayo Romero,E"]
[Black "Baekelant,E"]
[Result "1/2-1/2"]
[WhiteElo "2163"]
[BlackElo "2128"]

1.e4 e6 2.d4 d5 3.Nd2 a6 4.Ngf3 c5 5.Bd3 cxd4 6.Nxd4 Bc5 7.N4b3 Bd6 8.exd5 exd5
9.O-O Ne7 10.Qh5 Nbc6 11.Nf3 Qc7 12.Ng5 g6 13.Qh6 Be6 14.Re1 Kd7 15.Nxe6 fxe6
16.Qh3 Nf5 17.Be3 Ne5 18.Bd4 Rae8 19.Bxf5 exf5 20.c3 h5 21.Rad1 Ng4 22.g3 Rxe1+
23.Rxe1 Re8 24.Rxe8 Kxe8 25.Qg2 Qc4 26.h3 Ne5 27.Na5 Qb5 28.Nb3 Qe2 29.Qxd5 Nf3+
30.Kg2 Ne1+ 31.Kg1 Nf3+ 32.Kg2 Ne1+ 33.Kg1 Nf3+  1/2-1/2

[Event "40th Olympiad Open"]
[Site "Istanbul TUR"]
[Date "2012.09.03"]
[Round "6.47"]
[White "Garbett,P"]
[Black "Andreasen,Jo"]
[Result "0-1"]
[WhiteElo "2276"]
[BlackElo "2260"]

1.e4 e6 2.d4 d5 3.Nd2 Be7 4.Bd3 c5 5.dxc5 Nf6 6.exd5 Qxd5 7.Ngf3 Nc6 8.Nb3 O-O
9.O-O e5 10.Bb5 Qxd1 11.Rxd1 Bg4 12.Bxc6 bxc6 13.Re1 Bxf3 14.gxf3 Nd7 15.Bd2 f6
16.Re4 Rfd8 17.Ba5 Rdc8 18.Rc4 Kf7 19.Rd1 Ke6 20.Bb4 g5 21.Rc3 Rab8 22.a3 Nf8
23.Ba5 Rb7 24.Rcd3 Ng6 25.Bd2 h6 26.Bc1 Nh4 27.Na5 Rbc7 28.b4 Nf5 29.c3 Rg8
30.Kf1 h5 31.Nc4 g4 32.f4 Nh4 33.Nd6 Rd7 34.fxe5 fxe5 35.Ne4 Rxd3 36.Rxd3 Nf3
37.h3 gxh3 38.Rxf3 h2 39.Rh3 Rg1+ 40.Ke2 h1=Q 41.Rxh1 Rxh1 42.Be3 h4 43.Kf3 Rg1  0-1

[Event "14th Trieste Open A"]
[Site "Trieste ITA"]
[Date "2012.09.03"]
[Round "4"]
[White "Mocchi,T"]
[Black "Rombaldoni,Ax"]
[Result "0-1"]
[WhiteElo "2259"]
[BlackElo "2458"]

1.e4 e6 2.d4 d5 3.Nd2 a6 4.Ngf3 Nf6 5.e5 Nfd7 6.Nb3 c5 7.c3 Nc6 8.Be3 c4
9.Nbd2 b5 10.a3 Nb6 11.Ng5 h6 12.Nh3 Bd7 13.Be2 a5 14.O-O b4 15.f4 bxc3 16.bxc3 Ne7
17.a4 Qc7 18.Qc2 Qc6 19.Bd1 Kd8 20.Nf3 f5 21.exf6 gxf6 22.Nh4 Nf5 23.Bf2 Rg8
24.Kh1 Kc7 25.Nxf5 exf5 26.Bh4 Rg7 27.Ng1 Nc8 28.Bf3 Be7 29.Ne2 Nd6 30.Ng3 Rb8
31.Rfe1 Ne4 32.Bxe4 fxe4 33.Nf1 Rg4 34.Qf2 Bd6 35.Bg3 f5 36.Ne3 Rgg8 37.Qe2 Rb3
38.Qh5 Rf8 39.Rec1 Be7 40.Bh4 Be8 41.Bxe7 Bxh5 42.Bxf8 Kd7 43.Bg7 Rb2 44.Be5 Ke6
45.h3 Be2 46.Kh2 Qb7 47.Kg3 h5 48.Kh4 Bf3 49.Kg3 h4+ 50.Kh2 Rxg2+ 51.Nxg2 Qb2
52.Rg1 Qf2  0-1

[Event "XVI BCC Open"]
[Site "Cesenatico ITA"]
[Date "2012.09.04"]
[Round "4"]
[White "Galassi,F"]
[Black "Dittmar,P"]
[Result "1/2-1/2"]
[WhiteElo "2163"]
[BlackElo "2332"]

1.e4 e6 2.d4 d5 3.Nd2 a6 4.Ngf3 c5 5.exd5 exd5 6.Be2 Nc6 7.O-O Bd6 8.dxc5 Bxc5
9.Nb3 Ba7 10.Nfd4 Nge7 11.Be3 Ne5 12.c3 O-O 13.Nc2 Bb8 14.f4 N5c6 15.Nbd4 Nf5
16.Nxf5 Bxf5 17.Bd3 Be4 18.Bxe4 dxe4 19.Qxd8 Rxd8 20.Rfd1 Bc7 21.g3 f5 22.Kf2 Kf7
23.Bc5 g6 24.Ke2 Ke6 25.b3 b6 26.Be3 b5 27.Bc5 Ba5 28.b4 Bc7 29.a4 Rxd1 30.Rxd1 bxa4
31.Ra1 Rb8 32.c4 Bb6 33.Bxb6 Rxb6 34.Rxa4 Kd7 35.Kd2 Nb8 36.c5 Re6 37.Ne3 Kc6
38.Kc3 Kb7 39.Ra2 Re7 40.Kc4 Rd7 41.Nd5 Nc6 42.Re2  1/2-1/2

[Event "e2e4 Dublin Easter Masters"]
[Site "Dublin IRL"]
[Date "2012.09.04"]
[Round "9"]
[White "Alfredsen,J"]
[Black "Salter,D"]
[Result "1/2-1/2"]
[WhiteElo "2077"]
[BlackElo "1897"]

1.e4 e6 2.d4 d5 3.Nd2 Nc6 4.Ngf3 Nf6 5.e5 Nd7 6.c3 f6 7.exf6 Qxf6 8.Be2 Bd6
9.O-O O-O 10.Nb3 Nb6 11.Bg5 Qf7 12.Bh4 e5 13.dxe5 Nxe5 14.Nbd4 Nxf3+ 15.Bxf3 Bd7
16.b3 c6 17.a4 a5 18.Bg3 Bxg3 19.fxg3 Qg6 20.Ra2 Kh8 21.Raf2 Qg5 22.Nc2 Rae8
23.Qd4 Qd8 24.g4 Nc8 25.g3 Qb6 26.Qxb6  1/2-1/2

[Event "40th Olympiad Women"]
[Site "Istanbul TUR"]
[Date "2012.09.04"]
[Round "7.8"]
[White "Muminova,N"]
[Black "Cori T.,D"]
[Result "1-0"]
[WhiteElo "2329"]
[BlackElo "2413"]

1.e4 e6 2.d4 d5 3.Nd2 Nc6 4.Ngf3 Nf6 5.e5 Nd7 6.Be2 f6 7.exf6 Qxf6 8.Nf1 Bd6
9.Ne3 Bf4 10.O-O O-O 11.c4 Qf7 12.g3 Bh6 13.Ng4 Bxc1 14.Rxc1 Qe7 15.Re1 Nf6
16.Nge5 Bd7 17.c5 Ne4 18.Rf1 Rf5 19.Nxc6 bxc6 20.Ne5 Raf8 21.f3 Ng5 22.Bd3 Nh3+
23.Kg2 Rh5 24.f4 Be8 25.Be2 Rh6 26.Bg4 Nxf4+ 27.Rxf4 Rxf4 28.gxf4 Bg6 29.Qb3 Be4+
30.Bf3 Qf8 31.Bxe4 dxe4 32.Rc3 Rf6 33.Nd7 Rg6+ 34.Rg3  1-0

[Event "40th Olympiad Women"]
[Site "Istanbul TUR"]
[Date "2012.09.04"]
[Round "7.10"]
[White "Zatonskih,A"]
[Black "Baekelant,E"]
[Result "1-0"]
[WhiteElo "2512"]
[BlackElo "2128"]

1.e4 e6 2.d4 d5 3.Nd2 a6 4.Ngf3 c5 5.Bd3 Nc6 6.dxc5 Bxc5 7.exd5 exd5 8.O-O Nge7
9.Nb3 Bd6 10.Bg5 O-O 11.Bh4 f6 12.Bg3 Bf5 13.Bxf5 Bxg3 14.Be6+  1-0

[Event "World Youth U16 Olympiad 2012"]
[Site "Istanbul TUR"]
[Date "2012.09.04"]
[Round "9.17"]
[White "Guven,B"]
[Black "Harvey,Marcus R"]
[Result "1/2-1/2"]
[WhiteElo "2015"]
[BlackElo "2134"]

1.e4 e6 2.d4 d5 3.Nd2 a6 4.Ngf3 Nf6 5.e5 Nfd7 6.Bd3 c5 7.c3 Nc6 8.O-O g5
9.Nb3 h6 10.Nxc5 Nxc5 11.dxc5 Bxc5 12.Re1 Qc7 13.h3 Bd7 14.Be3 Bf8 15.c4 Nb4
16.cxd5 Nxd5 17.Rc1 Nxe3 18.Rxe3 Qa5 19.Be4 Rd8 20.Bxb7 Ba4 21.Qe2 Bc5 22.Rec3 Bb4
23.Rc7 O-O 24.Qxa6 Rb8 25.Qc4 Bb5 26.Qg4 Be2 27.Qe4 Bxf3 28.Qxf3 Qxe5 29.Qe4 Bd6
30.Qxe5 Bxe5 31.Rd7 Bxb2 32.Rc2 Be5 33.Rcd2 Bc3 34.R2d3 Ba5 35.Ra3 Rfd8 36.Rad3 Rxd7
37.Rxd7 Kf8 38.a4 Ke8 39.Bc6 Rb1+ 40.Kh2 Kf8 41.Ra7 Bc3 42.Rb7 Ra1 43.Rd7 Ra2
44.Kg3 Be1 45.Rd1 Bxf2+ 46.Kf3 Bc5 47.Bb5 Ke7 48.Rd7+ Kf8 49.Rc7 Ra3+ 50.Ke2 Bb4
51.Rc4 Ra2+ 52.Kf3 Be1 53.Rc1 Bh4 54.Bc6 Ra3+ 55.Ke2 Ke7 56.Rd1 f5 57.Rd3 Rxd3
58.Kxd3 Be1 59.g4 Kf6 60.Ke2 Ba5 61.Kf3 h5 62.gxh5 e5 63.Be8 e4+ 64.Ke2 f4
65.Bc6 Kf5 66.h6 Kg6  1/2-1/2

[Event "40th Olympiad Open"]
[Site "Istanbul TUR"]
[Date "2012.09.05"]
[Round "8.18"]
[White "Dvirnyy,D"]
[Black "Munkhgal,G"]
[Result "1-0"]
[WhiteElo "2520"]
[BlackElo "2394"]

1.e4 e6 2.d4 d5 3.Nd2 a6 4.Ngf3 Nf6 5.e5 Nfd7 6.Bd3 c5 7.c3 Nc6 8.O-O g5
9.b3 g4 10.Ne1 cxd4 11.cxd4 Nxd4 12.Qxg4 Nc6 13.f4 h5 14.Qh3 Nc5 15.Bb2 Qa5
16.Ndf3 Bd7 17.Ng5 Be7 18.Qg3 h4 19.Qf3 Nxd3 20.Nxd3 Nb4 21.Nxb4 Qxb4 22.h3 Qd2
23.Bc3 Bc5+ 24.Kh1 Qe3 25.Qxe3 Bxe3 26.Rae1 Bc5 27.f5 d4 28.Bd2 exf5 29.e6 fxe6
30.Rxf5 Rc8 31.Nxe6 Bxe6 32.Rxe6+ Kd7 33.Rg6 Rhf8 34.Rd5+ Ke8 35.Re6+ Kf7
36.Re4 Rfe8  1-0

[Event "40th Olympiad Women"]
[Site "Istanbul TUR"]
[Date "2012.09.05"]
[Round "8.52"]
[White "Wang Chengjia"]
[Black "Vargas,Ga"]
[Result "0-1"]
[WhiteElo "1988"]
[BlackElo "2050"]

1.e4 e6 2.d4 d5 3.Nd2 Nc6 4.Ngf3 Nf6 5.exd5 exd5 6.Be2 Bf5 7.a3 Bd6 8.O-O O-O
9.c4 dxc4 10.Nxc4 Ne7 11.Bg5 Ned5 12.Nce5 c6 13.Bd3 Bxd3 14.Qxd3 h6 15.Bh4 Re8
16.Rfe1 Qc8 17.Rac1 Nf4 18.Qb3 N6d5 19.Bg3 Bxe5 20.Nxe5 Ne6 21.Qd3 Nec7 22.Nc4 Qd7
23.Nd6 Rxe1+ 24.Rxe1 Ne8 25.Nc4 Rd8 26.Ne5 Qc8 27.Qf3 Ndf6 28.Qb3 Rd5 29.h3 Nd6
30.Bh4 g5 31.Bg3 Nf5 32.Nf3 Nxg3 33.fxg3 Qc7 34.g4 Kg7 35.Qe3 Rb5 36.Qd2 Qf4
37.Qxf4 gxf4 38.Re7 Nd5 39.Re2 Rb3 40.Kf2 Ne3 41.g5 Nd1+ 42.Ke1 Nxb2 43.gxh6+ Kxh6
44.Re7 a5 45.Rxf7 a4 46.Nd2 Re3+ 47.Kf1 b5 48.Rf6+ Kg7 49.Rxc6 Rxa3 50.Rb6 Rd3
51.Rb7+ Kf8 52.Ke2 Re3+ 53.Kf1 Rd3 54.Ke2 a3 55.Rxb5 a2 56.Rb8+ Ke7 57.Ra8 Re3+
58.Kf1 Nd3 59.Nf3 Nb4 60.Kf2 Rc3 61.Nd2 Rc1 62.Nb3 Rb1 63.Ra3 Rb2+ 64.Kf3 Rxb3+
65.Rxb3 a1=Q  0-1

[Event "40th Olympiad Open"]
[Site "Istanbul TUR"]
[Date "2012.09.05"]
[Round "8.21"]
[White "Idani,P"]
[Black "Djuraev,S"]
[Result "1-0"]
[WhiteElo "2477"]
[BlackElo "2354"]

1.e4 e6 2.d4 d5 3.Nd2 Nc6 4.Ngf3 Nf6 5.e5 Nd7 6.Bb5 a5 7.O-O Na7 8.Bd3 c5
9.c4 dxc4 10.Nxc4 Nc6 11.Bg5 Qc7 12.Rc1 h6 13.Bh4 cxd4 14.Qe2 Nc5 15.Nfd2 Nxd3
16.Qxd3 b5 17.Nd6+ Bxd6 18.exd6 Qb6 19.Qg3 g5 20.Qf3 Bd7 21.Qf6 Rg8 22.Bg3 Qd8
23.Ne4 Rf8 24.Qxh6 f5 25.Qh5+ Rf7 26.Nxg5 Qf6 27.Rxc6 f4 28.Rc7  1-0

[Event "3rd Oliver Gonzalez Mem Open A"]
[Site "Madrid ESP"]
[Date "2012.09.05"]
[Round "5.29"]
[White "Rodrigo Yanguas,M"]
[Black "Santos Ruiz,Miguel"]
[Result "1-0"]
[WhiteElo "2171"]
[BlackElo "2050"]

1.e4 e6 2.d4 d5 3.Nd2 Nc6 4.c3 e5 5.dxe5 dxe4 6.Qe2 Qd5 7.Nxe4 Qxe5 8.Bf4 Qe6
9.O-O-O Be7 10.Bxc7 Qxa2 11.Nd6+ Kf8 12.Qc4 Qxc4 13.Bxc4 Nh6 14.Nf3 Bg4 15.Rhe1 Bxf3
16.gxf3 Bg5+ 17.Kb1 Bf4 18.Re4 Bxh2 19.Nxf7 Nxf7 20.Bxh2 Rd8 21.Rxd8+ Ncxd8
22.Bc7 g5 23.f4 g4 24.f5 h5 25.f6 Rh6 26.Rf4 h4 27.Rxg4 Rxf6 28.Rxh4 Rxf2
29.Bd5 Rf5 30.Be4 Rc5 31.Bg3 Ke7 32.Rh7 Ke6 33.Bc2 Rg5 34.Bb3+ Kf5 35.Bc7 Kg6
36.Bc2+ Kf6 37.Rh1 Ke7 38.Bf4 Rg7 39.Re1+ Ne6 40.Bf5 Nd8 41.Be3 b6 42.Bf2 Kd6
43.Rd1+ Kc7 44.Bg1 Rd7 45.Bh2+ Kc8 46.Re1 Re7 47.Bg3 Kd7 48.Bh4 Rf7 49.Rd1+ Kc7
50.Bg3+ Kb7 51.Be4+ Kc8 52.Bd3 Nc5 53.Bf1 Rg7 54.Bh4 Ncb7 55.Ba6 Kc7 56.Bf6 Rd7
57.Be5+ Kc8 58.Rh1 Rd5 59.Bg3 Rg5 60.Bh4 Ra5 61.Be2 Nf7 62.Bg4+ Kc7 63.Bg3+ Nbd6
64.Rh7 Kd8 65.Bxd6  1-0

[Event "40th Olympiad Open"]
[Site "Istanbul TUR"]
[Date "2012.09.06"]
[Round "9.12"]
[White "Navara,D"]
[Black "Kindermann,S"]
[Result "1-0"]
[WhiteElo "2691"]
[BlackElo "2498"]

1.e4 e6 2.d4 d5 3.Nd2 Be7 4.Ngf3 Nf6 5.e5 Nfd7 6.Bd3 c5 7.c3 b6 8.O-O Ba6
9.Ne1 Qc8 10.Qg4 O-O 11.Ndf3 f5 12.exf6 Nxf6 13.Qh3 Ne4 14.Bxa6 Nxa6 15.Nd3 Bd6
16.Be3 c4 17.Nde5 b5 18.Rae1 b4 19.Bc1 bxc3 20.bxc3 Rb8 21.Ng4 Qe8 22.Ng5 Nxg5
23.Bxg5 Nc7 24.Bh4 Qh5 25.Ne5 g5 26.Bg3 Qxh3 27.gxh3 Rb7 28.Nd7 Rf7 29.Bxd6 Rxd7
30.Bxc7 Rdxc7 31.Rxe6 Re7 32.Rd6 Rb5 33.a4 Ra5 34.Rb1 Rxa4 35.Rxd5 Ra3 36.Rxg5+ Kf7
37.Rc1 Rc7 38.Re5 a5 39.Kf1 a4 40.Ra5 Ra2 41.Rb1 Rc2 42.Rb4 Rxc3 43.Rbxa4 Rd7
44.Rf5+ Ke6 45.Rh5 Kf6 46.Rc5 Rxd4 47.Ra6+ Ke7 48.Rh5 Kf7 49.Rxh7+ Kg8 50.Rc7 Rd8
51.Kg2 Rf8 52.Raa7 Rf6 53.Ra8+ Rf8 54.Rxf8+ Kxf8 55.h4 Kg8 56.f4 Kh8 57.h5 Rd3
58.Rxc4 Kg7 59.Rc6 Kh7 60.Rg6 Ra3 61.Rg3 Ra2+ 62.Kh3 Kh6 63.Rg5 Rb2 64.Kg3 Ra2
65.h3 Ra1 66.Kg4 Rg1+ 67.Kh4 Rf1 68.Rg6+ Kh7 69.Rf6 Rg1 70.h6 Rg2 71.Kh5 Rg1
72.h4 Rg2 73.Rf7+ Kh8 74.f5 Rg1 75.Re7 Rf1 76.Kg6 Rg1+ 77.Kf7 Ra1 78.f6 Ra6
79.Kg6 Ra8 80.Rh7+  1-0

[Event "40th Olympiad Women"]
[Site "Istanbul TUR"]
[Date "2012.09.06"]
[Round "9.4"]
[White "Gaponenko,I"]
[Black "Abrahamyan,T"]
[Result "1-0"]
[WhiteElo "2404"]
[BlackElo "2303"]

1.e4 e6 2.d4 d5 3.Nd2 Nc6 4.c3 e5 5.dxe5 Nxe5 6.Ngf3 Nxf3+ 7.Qxf3 Nf6 8.Bd3 Bd6
9.exd5 O-O 10.h3 Re8+ 11.Kd1 c6 12.Re1 Rxe1+ 13.Kxe1 cxd5 14.Nb3 Ne4 15.Bxe4 dxe4
16.Qxe4 Bd7 17.Be3 Qc7 18.Rd1 Bc6 19.Qg4 Re8 20.Nd4 Re4 21.Qe2 Ba4 22.Rd2 Bc5
23.Qf3 Re8 24.Nf5 Qh2 25.Qg4 Qe5 26.Qxa4 b5 27.Qg4 g6 28.Kd1 h5 29.Qg5 Qe4
30.Nh6+ Kh7 31.Qxc5  1-0

[Event "14th Trieste Open A"]
[Site "Trieste ITA"]
[Date "2012.09.06"]
[Round "7"]
[White "Castelfranchi,C"]
[Black "Ivanovic,An"]
[Result "1/2-1/2"]
[WhiteElo "2073"]
[BlackElo "2107"]

1.e4 e6 2.d4 d5 3.Nd2 Be7 4.Ngf3 Nf6 5.e5 Nfd7 6.Bd3 c5 7.c3 b6 8.O-O Ba6
9.Bxa6 Nxa6 10.Qe2 Nc7 11.c4 O-O 12.Rd1 Qc8 13.b3 Qa6 14.Bb2 Rac8 15.a4 dxc4
16.bxc4 Nd5 17.Qe4 Nb4 18.d5 exd5 19.cxd5 Qd3 20.d6 Qxe4 21.Nxe4 Bd8 22.Ng3 Re8
23.Nf5 Re6 24.Rac1 Rb8 25.Rc4 a5 26.Rg4 g6 27.Nh6+ Kg7 28.Nf5+ Kf8 29.Nh6 Kg7
30.Nf5+ Kf8 31.Nh6  1/2-1/2